Sobre o desprendimento e outros textos.

Guardat en:
Dades bibliogràfiques
Autor principal: Eckhart, Johannes, O.P., 1260-1327
Altres autors: Keller, Alfred Josef (Traductor)
Format: Llibre
Idioma:portuguès
alemany
Publicat: São Paulo : Martins Fontes, 2004.
Edició:1 ed. /
Col·lecció:Breves encontros (Martins Fontes) ;
Matèries:
Etiquetes: Afegir etiqueta
Sense etiquetes, Sigues el primer a etiquetar aquest registre!

MARC

LEADER 00000nam a2200000Ia 4500
001 000029879
003 BR-CrsFAEV
005 20231005171754.0
008 160403t2004||||bl |||||||||||||1 e|por|d
020 |a 8533620462 
035 |a 9788533620469 
040 |c BR-CrsFAEV  |b por  |a BR-CrsFAEV 
041 1 |a por  |h ger 
080 0 |2 1997  |a 171  |b E1923v=134.3 
100 1 |1 https://viaf.org/viaf/88809752/  |1 https://fr.wikipedia.org/wiki/Ma%C3%AEtre_Eckhart  |1 https://pt.wikipedia.org/wiki/Mestre_Eckhart  |a Eckhart, Johannes,  |c O.P.,  |d 1260-1327  |9 14205 
240 1 0 |a Von Abegeschheidenheit.   |l Português. 
245 1 0 |a Sobre o desprendimento e outros textos. 
250 |a 1 ed. /   |b setembro 2004.  
260 |a São Paulo :   |b Martins Fontes,  |c 2004. 
300 |a 61 p. ;  |c 15 cm. 
490 1 |a Breves encontros ;  
505 0 |a Introdução : Gwendoline Jarczyk e Pierre-Jean Labarrière ; Tradução do médio-alto : alemão Alfred J. Keller.  
520 3 |a O 'desprendimento' está na base da doutrina espiritual do Mestre Eckhart. De alcance universal, tal exigência abissal da 'pobreza em espírito', que tem deixado vestígios na história do pensamento - Nicolau de Cusa, Ângelo Silésio, mas também Hegel, Jung, Heidegger e Bataille -, suscita interesse muito além do cristianismo, em especial nas escolas de mística oriental. É próprio de Eckhart a audácia do desprendimento, a capacidade de conduzir a teologia para a vertigem do nada, com um gesto radical que lembra certos textos budistas. 
546 |a Texto em português, traduzido do alemão.  
650 4 |a Ética.  |9 655 
650 4 |a Desprendimento.  |9 13383 
700 1 |4 trl  |a Keller, Alfred Josef,   |1 https://viaf.org/viaf/306249993/  |e Tradutor  |9 1152 
830 0 |a Breves encontros (Martins Fontes) ;   |9 1150 
942 |2 udc  |c BK 
952 |0 0  |1 0  |2 udc  |4 0  |6 171_E1923V1343  |7 0  |9 10647  |a SBT  |b SBT  |c GEN  |d 2016-04-02  |h 1 ed., 2004 - 61 p.  |l 0  |o 171 E1923v=134.3  |p 23368  |r 2018-08-03 00:00:00  |t ex.01  |w 2016-04-03  |y BK 
999 |c 9372  |d 9372